Normal view
MARC view
Entry Personal Name
001 - CONTROL NUMBER
- control field: 266051
003 - CONTROL NUMBER IDENTIFIER
- control field: OSt
005 - DATE AND TIME OF LATEST TRANSACTION
- control field: 20260627124051.0
008 - FIXED-LENGTH DATA ELEMENTS
- fixed length control field: 260627|| aca||aabn | a|a d
040 ## - CATALOGING SOURCE
- Original cataloging agency: OSt
- Transcribing agency: OSt
100 ## - HEADING--PERSONAL NAME
- Personal name: KARNATAKA, GOVERNMENT of
670 ## - SOURCE DATA FOUND
- Source citation: Work cat.: (OSt)86770: KARNATAKA, GOVERNMENT of., Gazetteer of India- Karnataka state gazetteer Part I., 1982